000 00374nam a2200145Ia 4500
003 OSt
008 191201s2010 xx 000 0 und d
082 _a621.381
_bEDR
100 _aEDITORIAL
245 0 _aRecent Emergence and Scope of Electronics Architecture
260 _aJagadhri
_bHaryana Engineering College
_c2010
300 _a587
650 _aApplied
942 _2ddc
_cBK
999 _c603
_d603